| 000 | 00442cam a2200169ua 4500 | ||
|---|---|---|---|
| 041 |
_aeng _h |
||
| 082 |
_a941 _bMAC/MA |
||
| 100 | _aMacualy, . | ||
| 245 |
_aMacualy`s History of England, vol 2 / _cMacualy. _hTextual Documents |
||
| 260 |
_aLondon : _bJ M Dent and Sons Ltd , _c1956. |
||
| 300 | _a667 ; . | ||
| 440 | 0 |
_aEverymans library, _v _x; |
|
| 490 | 0 |
_aEverymans library, _v _x; |
|
| 504 | _a | ||
| 942 | _cBK | ||
| 999 |
_c682 _d682 |
||